| 000 | 00622nam a2200217 4500 | ||
|---|---|---|---|
| 999 |
_c8184 _d8184 |
||
| 001 | 21645 | ||
| 003 | BD-DhUAP | ||
| 005 | 20220803112406.0 | ||
| 008 | 220719b2019 Bg |||| |||| 001 0 eng d | ||
| 020 | _a9848272801 | ||
| 040 |
_aBD-DhUAP _bENG _cBD-DhUAP _dBD-DhUAP _eBD-DhUAP |
||
| 082 |
_223 _a346.41066 COM |
||
| 100 | _aPathan,A.S.M.Sayem Ali | ||
| 245 |
_aCompany Law : _bCase References / _cA.S.M.Sayem Ali Pathan. |
||
| 250 | _a1 st ed. | ||
| 260 |
_aDhaka; _bMullick Brothers, _c2019. |
||
| 300 |
_axxxii, 472 pages ; _c22 cm. |
||
| 504 | _aIncludes index. | ||
| 650 |
_aCompany law _zBangladesh. |
||
| 942 |
_2ddc _cBK |
||